[Event "GER-ch U14"]
[Site "Willingen"]
[Date "2015.05.28"]
[Round "7"]
[White "Renger, Niklas"]
[Black "Baltic, Fatih"]
[Result "1/2-1/2"]
[WhiteElo "2029"]
[BlackElo "1903"]
[PlyCount "40"]
[EventDate "2015.05.24"]
[EventType "swiss"]
[EventRounds "9"]
[EventCountry "GER"]
[SourceTitle "CBM 166 Extra"]
[Source "ChessBase"]
[SourceDate "2015.06.18"]
[SourceVersion "1"]
[SourceVersionDate "2015.06.18"]
[SourceQuality "1"]

1. e4 c5 2. Nf3 d6 3. d4 cxd4 4. Nxd4 Nf6 5. Nc3 a6 6. Be3 e5 7. Nb3 Be7 8. Be2 Be6 9. Nd5 Nxd5 10. exd5 Bc8 11. f4 Nd7 12. Qd2 Qc7 13. Rd1 Bf6 14. c4 b6 15. 0-0 Ra7 16. a4 Nc5 17. Nxc5 bxc5 18. b4 exf4 19. Rxf4 Be5 20. Re4 Qe7 1/2-1/2

[Event "Wch U12"]
[Site "Durban"]
[Date "2014.09.25"]
[Round "7"]
[White "Renger, Niklas"]
[Black "Uibokant, Mathias Robert"]
[Result "1/2-1/2"]
[WhiteElo "1975"]
[BlackElo "1454"]
[PlyCount "25"]
[EventDate "2014.09.20"]
[EventType "swiss"]
[EventRounds "11"]
[EventCountry "RSA"]
[SourceTitle "CBM 162 Extra"]
[Source "ChessBase"]
[SourceDate "2014.10.17"]
[SourceVersion "1"]
[SourceVersionDate "2014.10.17"]
[SourceQuality "1"]

1. e4 c5 2. Nf3 d6 3. d4 cxd4 4. Nxd4 Nf6 5. Nc3 a6 6. Be3 e5 7. Nb3 Be7 8. Be2 Be6 9. g4 d5 10. exd5 Nxd5 11. Nxd5 Bxd5 12. 0-0 Nc6 13. c4 1/2-1/2

[Event "GER-ch U12"]
[Site "Magdeburg"]
[Date "2014.06.08"]
[Round "1"]
[White "Weimert, Miriam"]
[Black "Renger, Niklas"]
[Result "0-1"]
[WhiteElo "1452"]
[BlackElo "1804"]
[PlyCount "62"]
[EventDate "2014.06.08"]
[EventType "swiss"]
[EventRounds "11"]
[EventCountry "GER"]
[SourceTitle "CBM 160 Extra"]
[Source "ChessBase"]
[SourceDate "2014.07.01"]
[SourceVersion "1"]
[SourceVersionDate "2014.07.01"]
[SourceQuality "1"]

1. e4 c5 2. d4 cxd4 3. c3 Nf6 4. e5 Nd5 5. cxd4 Nc6 6. Be3 e6 7. a3 d6 8. Nf3 Nxe3 9. fxe3 dxe5 10. Nc3 exd4 11. exd4 Be7 12. Rc1 0-0 13. Bd3 Bf6 14. Ne2 e5 15. d5 Ne7 16. Nc3 g6 17. Be4 Qb6 18. Qd2 Rd8 19. Rf1 Bf5 20. Bxf5 Nxf5 21. Qf2 Qxf2+ 22. Rxf2 Bg7 23. Re2 Nd4 24. Nxd4 exd4 25. Ne4 d3 26. Rf2 Re8 27. Rc4 f5 28. d6 Rad8 29. Rd2 Rxe4+ 30. Rxe4 fxe4 31. g3 Rxd6 0-1

[Event "GER-chT U14"]
[Site "Magdeburg"]
[Date "2013.12.28"]
[Round "4.1"]
[White "Renger, Niklas"]
[Black "Von Angern, Cedric"]
[Result "1-0"]
[WhiteElo "1735"]
[BlackElo "1601"]
[PlyCount "55"]
[EventDate "2013.12.27"]
[EventType "team-swiss"]
[EventRounds "4"]
[EventCountry "GER"]
[SourceTitle "EXT 2015"]
[Source "ChessBase"]
[SourceDate "2014.11.20"]
[SourceVersion "1"]
[SourceVersionDate "2014.11.20"]
[SourceQuality "1"]
[WhiteTeam "Dresden Gruen Weiss"]
[BlackTeam "Magdeburg Aufbau Elbe"]
[WhiteTeamCountry "GER"]
[BlackTeamCountry "GER"]

1. e4 c5 2. Nf3 a6 3. c3 d5 4. exd5 Qxd5 5. d4 Bg4 6. Be2 e6 7. 0-0 Nf6 8. Bf4 Nc6 9. dxc5 Qxd1 10. Rxd1 Bxc5 11. Re1 0-0 12. Ne5 Nxe5 13. Bxe5 Bxe2 14. Rxe2 Nd5 15. Nd2 Rfd8 16. Ne4 Be7 17. Rd2 Rd7 18. Rad1 Rad8 19. c4 Bb4 20. Bc3 Nxc3 21. Rxd7 Rxd7 22. Rxd7 Nxe4 23. Rxb7 Bd6 24. b4 Nc3 25. c5 Be5 26. c6 Nb5 27. a4 Nc3 28. c7 1-0

[Event "GER-chT U14"]
[Site "Magdeburg"]
[Date "2013.12.27"]
[Round "1.1"]
[White "Hartge, Gedeon"]
[Black "Renger, Niklas"]
[Result "1/2-1/2"]
[WhiteElo "1771"]
[BlackElo "1735"]
[PlyCount "81"]
[EventDate "2013.12.27"]
[EventType "team-swiss"]
[EventRounds "4"]
[EventCountry "GER"]
[SourceTitle "EXT 2015"]
[Source "ChessBase"]
[SourceDate "2014.11.20"]
[SourceVersion "1"]
[SourceVersionDate "2014.11.20"]
[SourceQuality "1"]
[WhiteTeam "Halle"]
[BlackTeam "Dresden Gruen Weiss"]
[WhiteTeamCountry "GER"]
[BlackTeamCountry "GER"]

1. d4 Nf6 2. c4 c5 3. d5 b5 4. cxb5 a6 5. bxa6 Bxa6 6. Nc3 d6 7. e4 Bxf1 8. Kxf1 g6 9. g3 Bg7 10. Kg2 Nbd7 11. Nf3 0-0 12. h3 Qb6 13. Qe2 Rfb8 14. Re1 Qb7 15. a4 Ne8 16. Ra2 Qb4 17. Bd2 Qb3 18. Rea1 Nb6 19. Bg5 Nc4 20. Nd2 Nxd2 21. Qxd2 Rb7 22. Qd1 Qb4 23. Qc2 Qc4 24. Qd2 Bxc3 25. bxc3 Qxe4+ 26. Kh2 Qf5 27. g4 Qe5+ 28. Bf4 Qf6 29. Qe3 Rb3 30. Ra3 Rxa3 31. Rxa3 Ra7 32. Bg5 Qe5+ 33. Qxe5 dxe5 34. Be3 Ra5 35. Rb3 Kg7 36. Rb7 Nf6 37. Rxe7 Nxd5 38. Rxe5 Nxe3 39. fxe3 Rxa4 40. Rxc5 Re4 41. Rc7 1/2-1/2

[Event "GER-chT U14"]
[Site "Magdeburg"]
[Date "2012.12.29"]
[Round "5.1"]
[White "Oberhofer, Cedric"]
[Black "Renger, Niklas"]
[Result "0-1"]
[WhiteElo "1806"]
[BlackElo "1769"]
[PlyCount "78"]
[EventDate "2012.12.27"]
[EventType "team-swiss"]
[EventRounds "7"]
[EventCountry "GER"]
[SourceTitle "EXT 2014"]
[Source "ChessBase"]
[SourceDate "2013.11.20"]
[SourceVersion "1"]
[SourceVersionDate "2013.11.20"]
[SourceQuality "1"]
[WhiteTeam "Regensburg Bavaria"]
[BlackTeam "Dresden Gruen Weiss"]
[WhiteTeamCountry "GER"]
[BlackTeamCountry "GER"]

1. e4 c5 2. Nf3 d6 3. d4 cxd4 4. Nxd4 Nf6 5. Nc3 g6 6. Be3 Bg7 7. f3 0-0 8. Qd2 Nc6 9. Bc4 Bd7 10. 0-0-0 Rc8 11. Bb3 Ne5 12. h4 h5 13. Bg5 Rc5 14. Rhe1 b5 15. f4 Neg4 16. Nf3 b4 17. Bxf6 Nxf6 18. Nd5 Nxd5 19. Bxd5 Qa5 20. Kb1 Rb8 21. Nd4 Ba4 22. Nb3 Bxb3 23. Bxb3 Qc7 24. f5 gxf5 25. Rf1 Re5 26. Rxf5 Rxf5 27. exf5 Qc5 28. Rf1 Qe5 29. Qc1 a5 30. Rf3 Ra8 31. Re3 Qf6 32. Bd5 Rc8 33. Rd3 Rc5 34. Be4 Re5 35. Bf3 Rxf5 36. a3 Re5 37. axb4 Re1 38. Rd1 Rxd1 39. Bxd1 Bh6 0-1

[Event "GER-ch U10"]
[Site "Oberhof"]
[Date "2012.05.31"]
[Round "8"]
[White "Renger, Niklas"]
[Black "Maetzkow, Maximilian Paul"]
[Result "0-1"]
[WhiteElo "1622"]
[BlackElo "1685"]
[PlyCount "98"]
[EventDate "2012.05.27"]
[EventType "swiss"]
[EventRounds "11"]
[EventCountry "GER"]
[SourceTitle "CBM 148 Extra"]
[Source "ChessBase"]
[SourceDate "2012.06.22"]
[SourceVersion "1"]
[SourceVersionDate "2012.06.22"]
[SourceQuality "1"]

1. e4 c5 2. Nf3 g6 3. d4 cxd4 4. Nxd4 Bg7 5. Nc3 Nc6 6. Be3 Nf6 7. Bc4 0-0 8. Bb3 Qa5 9. 0-0 d6 10. h3 Bd7 11. Re1 Rac8 12. Qe2 Nxd4 13. Bxd4 Bc6 14. Rad1 a6 15. Nd5 Bxd5 16. exd5 Rfe8 17. c3 b5 18. Qe3 Qc7 19. Re2 Qb7 20. Qd2 Nd7 21. Bxg7 Kxg7 22. Rde1 Nc5 23. Bc2 Qd7 24. Re3 Rc7 25. Qd4+ Kg8 26. b4 Nb7 27. Bb3 a5 28. a3 axb4 29. axb4 f6 30. Rf3 Nd8 31. Qh4 Nf7 32. Qg3 Ne5 33. Rfe3 Kg7 34. f4 Nf7 35. h4 Nh6 36. Re6 Nf5 37. Qf3 Qc8 38. Rc1 Nd4 39. Qe3 Nxe6 40. dxe6 Qa6 41. Kh2 Qa3 42. Bd1 Rec8 43. Rb1 Rxc3 44. Qe4 Qa8 45. Qd4 Qc6 46. Bf3 Qc4 47. Qd2 Qd3 48. Qe1 Qf5 49. Qd2 Qxb1 0-1

[Event "GER-ch U10"]
[Site "Oberhof"]
[Date "2012.05.29"]
[Round "5"]
[White "Niemann, Alexander"]
[Black "Renger, Niklas"]
[Result "1-0"]
[WhiteElo "1403"]
[BlackElo "1622"]
[PlyCount "89"]
[EventDate "2012.05.27"]
[EventType "swiss"]
[EventRounds "11"]
[EventCountry "GER"]
[SourceTitle "CBM 148 Extra"]
[Source "ChessBase"]
[SourceDate "2012.06.22"]
[SourceVersion "1"]
[SourceVersionDate "2012.06.22"]
[SourceQuality "1"]

1. e4 c5 2. Nf3 d6 3. d4 cxd4 4. Nxd4 Nf6 5. Nc3 g6 6. Be3 Bg7 7. f3 0-0 8. Qd2 Nc6 9. 0-0-0 d5 10. Kb1 Nxd4 11. e5 Nc6 12. exf6 Bxf6 13. Nxd5 Bg7 14. Bb5 Be6 15. Nf4 Qxd2 16. Rxd2 Bc8 17. h4 Ne5 18. Nd5 b6 19. Nxe7+ Kh8 20. h5 a6 21. Bd3 Re8 22. Nd5 Nxd3 23. Rxd3 Bf5 24. h6 Be5 25. Rb3 Be6 26. Nxb6 Bxb3 27. Nxa8 Bxc2+ 28. Kxc2 Rxa8 29. b3 Kg8 30. Re1 Rc8+ 31. Kd3 f6 32. Re2 Rc3+ 33. Kd2 Rc8 34. Kd3 Rc3+ 35. Ke4 Rc7 36. Bd4 f5+ 37. Kd3 Bf4 38. Re8+ Kf7 39. Ra8 Bxh6 40. Rxa6 Rd7 41. Kc4 Bf8 42. a4 g5 43. Rf6+ Ke7 44. Rxf5 h6 45. Bc5+ 1-0

[Event "Sachsen-ch U10"]
[Site "Sebnitz"]
[Date "2012.04.12"]
[Round "4"]
[White "Renger, Niklas"]
[Black "Wong, Gengchun"]
[Result "1-0"]
[WhiteElo "1589"]
[BlackElo "1388"]
[PlyCount "93"]
[EventDate "2012.04.10"]
[EventType "swiss"]
[EventRounds "7"]
[EventCountry "GER"]
[SourceTitle "CBM 148 Extra"]
[Source "ChessBase"]
[SourceDate "2012.06.22"]
[SourceVersion "1"]
[SourceVersionDate "2012.06.22"]
[SourceQuality "1"]

1. e4 c5 2. Nf3 d6 3. d4 cxd4 4. Nxd4 Nf6 5. Nc3 a6 6. Be3 e6 7. f3 b5 8. Qd2 Bb7 9. 0-0-0 Nbd7 10. g4 Nb6 11. Qf2 Nfd7 12. Bd3 d5 13. e5 Rc8 14. Nce2 Bc5 15. f4 Nc4 16. Kb1 Nxe3 17. Qxe3 Nb6 18. f5 Nc4 19. Qg3 Qe7 20. g5 g6 21. fxe6 fxe6 22. Rde1 Rf8 23. Bxc4 dxc4 24. Rhf1 Rd8 25. Qg4 Bd5 26. Rf6 Rxf6 27. exf6 Qd7 28. Nc3 Kf7 29. Qh3 h5 30. Nf3 Qb7 31. Ne5+ Kg8 32. Nxg6 Qh7 33. Nf4 Qd7 34. Qxh5 b4 35. Qg6+ Kf8 36. Qh6+ Kg8 37. Ng6 Qh7 38. f7+ Kxf7 39. Qxh7+ Ke8 40. Nxd5 Rxd5 41. Qg8+ Kd7 42. Qxe6+ Kc7 43. Qxd5 Kb6 44. Re6+ Kb5 45. b3 cxb3 46. axb3 a5 47. Qc4# 1-0